Flags of the 1938 FIFA World Cup - Statistics

General Stats
  • This quiz has been taken 25 times
  • The average score is 14 of 16
Answer Stats
Picture Answer % Correct
Italy
100%
Brazil
95%
Hungary
95%
Sweden
95%
Austria
91%
Belgium
91%
Czechoslovakia
91%
France
91%
Germany
91%
Netherlands
91%
Norway
91%
Poland
91%
Romania
91%
Switzerland
91%
Cuba
86%
Dutch East Indies
41%
No matching quizzes found
Score Distribution
Percent of People with Each Score
Percentile by Number Answered
Your Score History
You have not taken this quiz